|
|
|
|
| LEADER |
02133nam a22004815i 4500 |
| 001 |
978-3-540-88806-2 |
| 003 |
DE-He213 |
| 005 |
20151110131110.0 |
| 007 |
cr nn 008mamaa |
| 008 |
100715s2009 gw | s |||| 0|eng d |
| 020 |
|
|
|a 9783540888062
|9 978-3-540-88806-2
|
| 024 |
7 |
|
|a 10.1007/978-3-540-88806-2
|2 doi
|
| 040 |
|
|
|d GrThAP
|
| 050 |
|
4 |
|a TP248.13-248.65
|
| 072 |
|
7 |
|a TCB
|2 bicssc
|
| 072 |
|
7 |
|a SCI010000
|2 bisacsh
|
| 082 |
0 |
4 |
|a 660.6
|2 23
|
| 245 |
1 |
0 |
|a Engineering of Stem Cells
|h [electronic resource] /
|c edited by Ulrich Martin.
|
| 264 |
|
1 |
|a Berlin, Heidelberg :
|b Springer Berlin Heidelberg,
|c 2009.
|
| 300 |
|
|
|a XIII, 239 p. 26 illus., 8 illus. in color.
|b online resource.
|
| 336 |
|
|
|a text
|b txt
|2 rdacontent
|
| 337 |
|
|
|a computer
|b c
|2 rdamedia
|
| 338 |
|
|
|a online resource
|b cr
|2 rdacarrier
|
| 347 |
|
|
|a text file
|b PDF
|2 rda
|
| 490 |
1 |
|
|a Advances in Biochemical Engineering / Biotechnology,
|x 0724-6145 ;
|v 114
|
| 505 |
0 |
|
|a Adult Stem and Progenitor Cells -- Isolation and Enrichment of Stem Cells -- Transdifferentiation of Stem Cells: A Critical View -- Stem Cells for Cardiac Regeneration by Cell Therapy and Myocardial Tissue Engineering -- Stem Cells and Scaffolds for Vascularizing Engineered Tissue Constructs -- Embryonic Stem Cells: Isolation, Characterization and Culture -- Totipotency, Pluripotency and Nuclear Reprogramming -- Large Scale Production of Stem Cells and Their Derivatives.
|
| 520 |
|
|
|a see table of contents.
|
| 650 |
|
0 |
|a Chemistry.
|
| 650 |
|
0 |
|a Molecular biology.
|
| 650 |
|
0 |
|a Biotechnology.
|
| 650 |
|
0 |
|a Biochemistry.
|
| 650 |
1 |
4 |
|a Chemistry.
|
| 650 |
2 |
4 |
|a Biotechnology.
|
| 650 |
2 |
4 |
|a Biochemistry, general.
|
| 650 |
2 |
4 |
|a Molecular Medicine.
|
| 700 |
1 |
|
|a Martin, Ulrich.
|e editor.
|
| 710 |
2 |
|
|a SpringerLink (Online service)
|
| 773 |
0 |
|
|t Springer eBooks
|
| 776 |
0 |
8 |
|i Printed edition:
|z 9783540888055
|
| 830 |
|
0 |
|a Advances in Biochemical Engineering / Biotechnology,
|x 0724-6145 ;
|v 114
|
| 856 |
4 |
0 |
|u http://dx.doi.org/10.1007/978-3-540-88806-2
|z Full Text via HEAL-Link
|
| 912 |
|
|
|a ZDB-2-CMS
|
| 950 |
|
|
|a Chemistry and Materials Science (Springer-11644)
|